|
|
|
|
| LEADER |
00996nam a22001577a 4500 |
| 008 |
111204s9999 xx 000 0 mal d |
| 100 |
|
|
|a Sreekandan Nair,C.N.
|
| 245 |
|
|
|a C N Sreekandan Nairude krithikal sampoornnam /
|
| 260 |
|
|
|a Kottayam:
|b D C Books,
|c 2008.
|
| 300 |
|
|
|a 1004p.
|
| 942 |
|
|
|c BK
|
| 999 |
|
|
|c 229984
|d 229984
|
| 952 |
|
|
|0 0
|1 0
|2 ddc
|4 0
|6 R_855_000000000000000_3S4_08_CNS
|7 0
|9 254309
|a MAL
|b MAL
|c REF
|d 2011-05-12
|g 395.00
|l 0
|o R855.3S4 08 CNS
|p MAL32556
|r 2011-12-05
|w 2011-12-05
|y REF
|
| 952 |
|
|
|0 0
|1 0
|2 ddc
|4 0
|6 855_000000000000000_3S4_08_CNS
|7 0
|9 254310
|a MAL
|b MAL
|c ST1
|d 2012-08-08
|g 395.00
|l 1
|o 855.3S4 08 CNS
|p MAL31201
|r 2013-11-15
|s 2013-10-11
|w 2012-08-08
|y BK
|
| 952 |
|
|
|0 0
|1 0
|2 ddc
|4 0
|6 852_000000000000000_3S4_08_CNS
|7 0
|9 254311
|a MAL
|b MAL
|c ST1
|d 2012-04-24
|g 395.00
|l 0
|o 852.3S4 08 CNS
|p MAL30865
|r 2015-04-13
|w 2015-04-13
|y BK
|
| 952 |
|
|
|0 0
|1 0
|2 ddc
|4 0
|6 852_000000000000000_3S4_08_CNS
|7 0
|9 254312
|a MAL
|b MAL
|c ST1
|d 2012-04-24
|g 395.00
|l 7
|m 1
|o 852.3S4 08 CNS
|p MAL31517
|q 2021-10-17
|r 2021-04-20
|s 2021-04-20
|w 2015-04-13
|y BK
|